Terjemahan hadith riwayat Imam Syafie-Jilid 1

Bibliographic Details
Other Authors: Muhammad Thalib , Drs
Format: Book
Published: Kuala Lumpur : Darul Numan , 2005
Subjects:

MARC

LEADER 00000cam a2200000 7i4500
001 0000013595
005 20080118.0
008 080118
020 |a 9830463834 
090 0 0 |a 297.1248   |b TER 
245 1 0 |a Terjemahan hadith riwayat Imam Syafie-Jilid 1   |c terjemahan, Drs.Muhammad Thalib 
260 |a Kuala Lumpur :   |b Darul Numan ,   |c 2005 
650 0 |a Islam   |x Customs and practices 
650 0 |a Religious life   |x Islam 
700 0 |a Muhammad Thalib ,   |c Drs. 
999 |a 0001005910   |b Book   |c Adult Collection   |e Perbadanan Perpustakaan Awam Johor